| 000 | 00513nam a22001577a 4500 | ||
|---|---|---|---|
| 999 |
_c14613 _d14613 |
||
| 003 | AR-CdUCM | ||
| 008 | 190424b ||||| |||| 00| 0 spa d | ||
| 040 |
_aMUNICIPALIDAD PROVINCIAL DEL CUSCO _cBIBLIOTECA MUNICIPAL DEL CUSCO |
||
| 082 |
_a051 / _bG15 |
||
| 245 | _aGarcilaso / | ||
| 260 |
_aLima : _bEl Condor, _c1942. |
||
| 300 |
_a96 páginas ; _bimágenes. _c24 cm. |
||
| 505 | _aSobre la novela peruana --Luis Angel Yavar y sus trabajos de experimentación... | ||
| 942 |
_2ddc _cPP |
||
| 945 |
_awfj _d2019-04-24 |
||